<?xml version="1.0" encoding="UTF-8"?>
<record
    xmlns:xsi="http://www.w3.org/2001/XMLSchema-instance"
    xsi:schemaLocation="http://www.loc.gov/MARC21/slim http://www.loc.gov/standards/marcxml/schema/MARC21slim.xsd"
    xmlns="http://www.loc.gov/MARC21/slim">

  <leader>01834nam a22003017a 4500</leader>
  <controlfield tag="005">20111201103559.0</controlfield>
  <datafield tag="010" ind1=" " ind2=" ">
    <subfield code="a">B-444776-780</subfield>
  </datafield>
  <datafield tag="020" ind1=" " ind2=" ">
    <subfield code="a">9780198069133</subfield>
    <subfield code="c">375.00</subfield>
  </datafield>
  <datafield tag="035" ind1=" " ind2=" ">
    <subfield code="a">B-444776-780</subfield>
  </datafield>
  <datafield tag="037" ind1=" " ind2=" ">
    <subfield code="b">Allied Pub/Ven</subfield>
  </datafield>
  <datafield tag="082" ind1=" " ind2=" ">
    <subfield code="a">954.083</subfield>
  </datafield>
  <datafield tag="100" ind1=" " ind2=" ">
    <subfield code="d">1951-</subfield>
    <subfield code="9">38275</subfield>
  </datafield>
  <datafield tag="245" ind1=" " ind2=" ">
    <subfield code="a">The 1857 rebellion /</subfield>
    <subfield code="c">edited by Biswamoy Pati</subfield>
  </datafield>
  <datafield tag="260" ind1=" " ind2=" ">
    <subfield code="a">New Delhi </subfield>
    <subfield code="b">Oxford University Press</subfield>
    <subfield code="c">2011</subfield>
  </datafield>
  <datafield tag="270" ind1=" " ind2=" ">
    <subfield code="a">YMCA Library Building, Jai Singh Road, </subfield>
    <subfield code="b">New Delhi </subfield>
    <subfield code="e">110001</subfield>
  </datafield>
  <datafield tag="300" ind1=" " ind2=" ">
    <subfield code="a">xliii, 324p. </subfield>
    <subfield code="c">24cm (pbk) </subfield>
  </datafield>
  <datafield tag="490" ind1=" " ind2=" ">
    <subfield code="a">Debates in Indian history and society:edited by Sabyasachi Bhattacharya, B.D. Chattopadhyaya, Richard M. Eaton </subfield>
    <subfield code="9">38276</subfield>
  </datafield>
  <datafield tag="500" ind1=" " ind2=" ">
    <subfield code="a">Includex index </subfield>
  </datafield>
  <datafield tag="650" ind1=" " ind2=" ">
    <subfield code="a">Education</subfield>
    <subfield code="z">India </subfield>
    <subfield code="x">Social aspects</subfield>
    <subfield code="x">History</subfield>
    <subfield code="9">38277</subfield>
  </datafield>
  <datafield tag="700" ind1=" " ind2=" ">
    <subfield code="a">Pati, Biswamoy </subfield>
    <subfield code="9">36351</subfield>
  </datafield>
  <datafield tag="942" ind1=" " ind2=" ">
    <subfield code="2">ddc</subfield>
    <subfield code="c">EN</subfield>
    <subfield code="m">REB</subfield>
    <subfield code="h">954.083</subfield>
  </datafield>
  <datafield tag="999" ind1=" " ind2=" ">
    <subfield code="c">58864</subfield>
    <subfield code="d">58864</subfield>
  </datafield>
  <datafield tag="952" ind1=" " ind2=" ">
    <subfield code="0">0</subfield>
    <subfield code="1">0</subfield>
    <subfield code="4">0</subfield>
    <subfield code="7">0</subfield>
    <subfield code="8">NFIC</subfield>
    <subfield code="a">L</subfield>
    <subfield code="b">L</subfield>
    <subfield code="d">2012-01-04</subfield>
    <subfield code="e">Allied/1045/13.09.11/78/14.3.11/12.10.2011</subfield>
    <subfield code="g">375.00</subfield>
    <subfield code="l">18</subfield>
    <subfield code="m">2</subfield>
    <subfield code="o">954.083 REB</subfield>
    <subfield code="p">B-444776</subfield>
    <subfield code="r">2025-06-03 00:00:00</subfield>
    <subfield code="s">2025-05-17</subfield>
    <subfield code="t">1</subfield>
    <subfield code="v">375.00</subfield>
    <subfield code="w">2012-01-04</subfield>
    <subfield code="y">EN</subfield>
  </datafield>
  <datafield tag="952" ind1=" " ind2=" ">
    <subfield code="0">0</subfield>
    <subfield code="1">0</subfield>
    <subfield code="4">0</subfield>
    <subfield code="7">0</subfield>
    <subfield code="8">NFIC</subfield>
    <subfield code="a">BL1</subfield>
    <subfield code="b">BL1</subfield>
    <subfield code="d">2012-01-04</subfield>
    <subfield code="e">Allied/1045/13.09.11/78/14.3.11/12.10.2011</subfield>
    <subfield code="g">375.00</subfield>
    <subfield code="l">2</subfield>
    <subfield code="o">954.083 REB</subfield>
    <subfield code="p">B-444777</subfield>
    <subfield code="r">2022-09-01 00:00:00</subfield>
    <subfield code="s">2022-08-17</subfield>
    <subfield code="t">1</subfield>
    <subfield code="v">375.00</subfield>
    <subfield code="w">2012-01-04</subfield>
    <subfield code="y">EN</subfield>
  </datafield>
  <datafield tag="952" ind1=" " ind2=" ">
    <subfield code="0">0</subfield>
    <subfield code="1">0</subfield>
    <subfield code="4">0</subfield>
    <subfield code="7">0</subfield>
    <subfield code="8">NFIC</subfield>
    <subfield code="a">ZLS</subfield>
    <subfield code="b">ZLS</subfield>
    <subfield code="d">2012-01-04</subfield>
    <subfield code="e">Allied/1045/13.09.11/78/14.3.11/12.10.2011</subfield>
    <subfield code="g">375.00</subfield>
    <subfield code="l">7</subfield>
    <subfield code="m">5</subfield>
    <subfield code="o">954.083 REB</subfield>
    <subfield code="p">B-444778</subfield>
    <subfield code="r">2020-02-21 00:00:00</subfield>
    <subfield code="s">2020-01-10</subfield>
    <subfield code="t">1</subfield>
    <subfield code="v">375.00</subfield>
    <subfield code="w">2012-01-04</subfield>
    <subfield code="y">EN</subfield>
  </datafield>
  <datafield tag="952" ind1=" " ind2=" ">
    <subfield code="0">0</subfield>
    <subfield code="1">0</subfield>
    <subfield code="4">0</subfield>
    <subfield code="7">0</subfield>
    <subfield code="8">NFIC</subfield>
    <subfield code="a">BL3</subfield>
    <subfield code="b">BN</subfield>
    <subfield code="d">2012-01-04</subfield>
    <subfield code="e">Allied/1045/13.09.11/78/14.3.11/12.10.2011</subfield>
    <subfield code="g">375.00</subfield>
    <subfield code="l">1</subfield>
    <subfield code="m">0</subfield>
    <subfield code="o">954.083 REB</subfield>
    <subfield code="p">B-444779</subfield>
    <subfield code="r">2020-03-11 00:00:00</subfield>
    <subfield code="s">2020-03-11</subfield>
    <subfield code="t">1</subfield>
    <subfield code="v">375.00</subfield>
    <subfield code="w">2012-01-04</subfield>
    <subfield code="y">EN</subfield>
  </datafield>
  <datafield tag="952" ind1=" " ind2=" ">
    <subfield code="0">0</subfield>
    <subfield code="1">0</subfield>
    <subfield code="4">0</subfield>
    <subfield code="7">0</subfield>
    <subfield code="8">NFIC</subfield>
    <subfield code="a">BL4</subfield>
    <subfield code="b">BL4</subfield>
    <subfield code="d">2012-01-04</subfield>
    <subfield code="e">Allied/1045/13.09.11/78/14.3.11/12.10.2011</subfield>
    <subfield code="g">375.00</subfield>
    <subfield code="l">5</subfield>
    <subfield code="m">1</subfield>
    <subfield code="o">954.083 REB</subfield>
    <subfield code="p">B-444780</subfield>
    <subfield code="r">2022-03-11 00:00:00</subfield>
    <subfield code="s">2022-02-17</subfield>
    <subfield code="t">1</subfield>
    <subfield code="v">375.00</subfield>
    <subfield code="w">2012-01-04</subfield>
    <subfield code="y">EN</subfield>
  </datafield>
</record>
